[Event "Polanica Zdroj op"]
[Site "Polanica Zdroj"]
[Date "1995.??.??"]
[Round "4"]
[White "Kula, Robert"]
[Black "Socko, Bartosz"]
[Result "1-0"]
[WhiteElo "2350"]
[BlackElo "2485"]

1.d4 Nf6 2.c4 e6 3.Nf3 Bb4+ 4.Nc3 O-O 5.Qc2 c5 6.e3 b6 7.a3 Bxc3+ 8.Qxc3 Bb7
9.b3 Ne4 10.Qc2 f5 11.Bd3 d6 12.O-O Nd7 13.Bb2 Qe8 14.Nd2 Ndf6 15.f3 Ng5
16.Rae1 Qh5 17.d5 exd5 18.Bxf5 Rae8 19.cxd5 Nxd5 20.e4 Nf4 21.Qc3 Qh6 22.h4 Nge6
23.g3 Nd4 24.gxf4 Qxh4 25.Kg2 Qxf4 26.Bg4 d5 27.Qe3 Nc2 28.Qxf4 Nxe1+ 29.Rxe1 Rxf4
30.Kg3 Rf7 31.e5 Bc8 32.f4 Bxg4 33.Kxg4 Ref8 34.Rf1 g6 35.Rf3 h5+ 36.Kg3 Rf5
37.Bc1 g5 38.Nf1 d4 39.Nh2 gxf4+ 40.Bxf4 Kh7 41.Rf2 d3 42.Nf1 h4+ 43.Kg4 Rxe5
44.Rh2 Re2 45.Rxh4+ Kg6 46.Kf3 Rb2 47.Ng3 d2 48.Rh6+ Kf7 49.Rd6 Rxb3+ 50.Ke4 Re8+
51.Kf5 Rxa3 52.Ne4 Ra4 53.Be5 Rf8 54.Nf6 Re8 55.Rxd2 Re7 56.Rh2 Rxe5+ 57.Kxe5 Ra1
58.Ne4 a5 59.Nd6+ Kg6 60.Rg2+ Kh7 61.Nf7 Rf1 62.Ke6 b5 63.Ke7 a4 64.Kf8 Rxf7+
65.Kxf7 Kh6 66.Kf6 Kh7 67.Ke5 b4 68.Kd5 b3 69.Kc4  1-0

[Event "Pozarevac"]
[Site "Pozarevac"]
[Date "1995.??.??"]
[Round "2"]
[White "Ristovic, Ninad"]
[Black "Trifunovic, Miroljub"]
[Result "0-1"]
[WhiteElo "2300"]
[BlackElo "2295"]

1.d4 Nf6 2.c4 e6 3.Nc3 Bb4 4.Nf3 c5 5.g3 cxd4 6.Nxd4 Nc6 7.Bg2 Ne5 8.Qb3 Qa5
9.O-O Qc5 10.Ncb5 O-O 11.Bf4 d6 12.Nxd6 Qxd6 13.Nb5 Qc5 14.Bxe5 Qxe5 15.Qxb4 Qxe2
16.Rfe1 Qh5 17.Rad1 Bd7 18.Nd4 e5 19.Nc2 e4 20.Ne3 Bc6 21.Nd5 Ng4 22.h3 Ne5
23.Bxe4 Qxh3 24.Ne7+ Kh8 25.Nxc6 bxc6 26.Bg2 Qf5 27.Qc3 f6 28.Rd6 Rac8 29.c5 g5
30.b4 g4 31.Be4 Qh5 32.Bg2 Kg7 33.Qe3 Rce8 34.Qc3 Re7 35.Rdd1 Rfe8 36.Rf1 Qg5
37.Rd6 h5 38.Qb3 h4 39.gxh4 Qxh4 40.Qg3 Qg5 41.Qc3 Nf3+  0-1

[Event "Recklinghausen"]
[Site "Recklinghausen"]
[Date "1995.??.??"]
[Round "7"]
[White "Galonska, Joern"]
[Black "Kishnev, Sergey"]
[Result "1-0"]
[WhiteElo "2185"]
[BlackElo "2500"]

1.d4 Nf6 2.c4 e6 3.Nc3 Bb4 4.Nf3 O-O 5.Bg5 c5 6.e3 Qa5 7.Bxf6 gxf6 8.Qc2 cxd4
9.exd4 b6 10.Bd3 Kh8 11.Be4 d5 12.cxd5 f5 13.Bd3 Qxd5 14.O-O Bxc3 15.Qxc3 Ba6
16.Bxa6 Nxa6 17.Rac1 Rg8 18.g3 Rg7 19.Rfe1 Rag8 20.Re5 Qxa2 21.b3 Qa3 22.d5 Qb4
23.dxe6 Qxc3 24.Rxc3 fxe6 25.Rxe6 f4 26.Rf6 fxg3 27.hxg3 Re7 28.Nd4 Nc5 29.Rcf3 Nd7
30.Rh6 Rg6 31.Rh5 Rd6 32.Nf5 Re1+ 33.Kg2 Rdd1 34.g4 Ne5 35.Rc3 Rg1+ 36.Kh3 Rd3+
37.Rxd3 Nxd3 38.Kh2 Rxg4 39.f3 Rg8 40.Nd6  1-0

[Event "Rishon Le Ziyyon YM"]
[Site "Rishon Le Ziyyon"]
[Date "1995.??.??"]
[Round "7"]
[White "Alterman, Boris"]
[Black "Kogan, Artur"]
[Result "1/2-1/2"]
[WhiteElo "2575"]
[BlackElo "2465"]

1.d4 Nf6 2.c4 e6 3.Nc3 Bb4 4.Nf3 Ne4 5.Qc2 Nxc3 6.bxc3 Be7 7.e4 d6 8.Bd3 Nd7
9.O-O e5 10.Be3 c5 11.Rab1 O-O 12.d5 Nf6 13.h3 h6  1/2-1/2

[Event "RUS Army-ch"]
[Site "RUS"]
[Date "1995.??.??"]
[Round "?"]
[White "Legky, Nikolay A"]
[Black "Kiselev, Sergey"]
[Result "1/2-1/2"]
[WhiteElo "2505"]
[BlackElo "2495"]

1.c4 e6 2.Nc3 Nf6 3.Nf3 Bb4 4.d4 c5 5.dxc5 Nc6 6.Bd2 Bxc5 7.e3 b6 8.a3 Be7
9.Be2 Bb7 10.O-O a6 11.Qc2 Qc7 12.Rfd1 O-O 13.Rac1 h6 14.h3 Rfd8 15.Qb1 Qb8
16.Be1 d6  1/2-1/2

[Event "Santiago op"]
[Site "Santiago"]
[Date "1995.??.??"]
[Round "?"]
[White "Campos Moreno, Javier B"]
[Black "Suarez, Diego"]
[Result "1-0"]
[WhiteElo "2455"]
[BlackElo "2265"]

1.d4 Nf6 2.c4 e6 3.Nc3 Bb4 4.Nf3 c5 5.g3 Bxc3+ 6.bxc3 Qa5 7.Bd2 Ne4 8.Bg2 f5
9.O-O Nc6 10.d5 Nd8 11.Ng5 Nxg5 12.Bxg5 Nf7 13.Be3 O-O 14.dxe6 dxe6 15.Qb3 Rb8
16.Qb5 Qxb5 17.cxb5 b6 18.Rfd1 a5 19.bxa6 Bxa6 20.Rd2 Bb7 21.Rb1 Bxg2 22.Kxg2 Rfc8
23.Rdb2 Rc6 24.a4 Nd6 25.Bf4 Rb7 26.Bxd6 Rxd6 27.a5 Ra7 28.Rxb6 Rxb6 29.axb6 Rb7
30.Kf3 Kf7 31.e4 Ke7 32.exf5 exf5 33.Kf4 Ke6 34.c4 Kf6 35.h4 g6 36.Rb5 h6
37.f3 g5+ 38.hxg5+ hxg5+ 39.Ke3 Ke6 40.g4 Kf6 41.gxf5 Ke7 42.Ke4 Kd6 43.f6  1-0

[Event "Soest op"]
[Site "Soest"]
[Date "1995.??.??"]
[Round "5"]
[White "Barsov, Alexei"]
[Black "De Vreugt, Dennis"]
[Result "1-0"]
[WhiteElo "2445"]
[BlackElo "2270"]

1.d4 Nf6 2.c4 e6 3.Nc3 Bb4 4.Nf3 b6 5.Qb3 c5 6.a3 Bxc3+ 7.Qxc3 cxd4 8.Nxd4 Ne4
9.Qc2 Bb7 10.e3 O-O 11.h4 d5 12.cxd5 exd5 13.g3 Nd7 14.Be2 Rc8 15.Qd1 Qf6
16.O-O Ne5 17.Bd2 Rfe8 18.Be1 Rc5 19.Bb4 Bc8 20.Kg2 Ng6 21.Qe1 Rc7 22.f3 Nc5
23.Qf2 Rce7 24.Bb5 Bd7 25.Bxd7 Rxd7 26.Rad1 Rde7 27.Rfe1 Ne5 28.Bxc5 bxc5
29.Nc2 Qc6 30.b3 Rb7 31.e4 d4 32.b4 d3 33.Ne3 cxb4 34.axb4 Rxb4 35.Nd5 Rc4
36.f4 Rc2 37.Rd2 Ng4 38.Rxc2 dxc2 39.Qd2 Nf6 40.Nb4 Qb7 41.Nxc2 Nxe4 42.Qb4 Qc6
43.Nd4 Qd5 44.Qb5 Qa2+ 45.Re2  1-0

[Event "Sollentuna op"]
[Site "Sollentuna"]
[Date "1995.??.??"]
[Round "2"]
[White "Sjodin, Bengt"]
[Black "Sandstrom, Ludvig"]
[Result "1/2-1/2"]
[WhiteElo "2120"]
[BlackElo "2320"]

1.d4 Nf6 2.Nf3 e6 3.c4 Bb4+ 4.Nc3 c5 5.g3 O-O 6.Bg2 cxd4 7.Nxd4 d5 8.O-O dxc4
9.a3 Bc5 10.e3 e5 11.Nf3 Nc6 12.Qa4 Be6 13.Ng5 Qe7 14.Nxe6 Qxe6 15.Qb5 Bb6
16.Na4 Na5 17.Bd2 Nb3 18.Rad1 Nxd2 19.Rxd2 Rad8 20.Rfd1 Rxd2 21.Rxd2 e4 22.Nxb6 axb6
23.Qb4 h5 24.h3 h4 25.g4 Rc8 26.Rd6 Qe5 27.Qxb6 Rc5 28.Rd8+ Kh7 29.Qd6 Qxd6
30.Rxd6 Rb5 31.Rd4 Rxb2 32.Rxc4 Rb1+ 33.Kh2 Rb2 34.g5 Nh5 35.Bxe4+ g6 36.Rc2 Rb5
37.Rc7 Kg7 38.Rxb7 Rxg5 39.a4 Rc5 40.Bf3 Nf6 41.Kg2 Ne8 42.Rb4 Nd6 43.Rxh4 Rc2
44.Rb4 Nc4 45.Kg3 Ne5 46.Be4 Ra2 47.Bb1 Ra1 48.f4 Nc6 49.Rb6 Na5 50.Rb4 Nc6
51.Rb6 Na5 52.f5 gxf5 53.Bxf5 Rxa4 54.Ra6 Ra1 55.h4 Nb3 56.Rb6 Nd2 57.e4 Rg1+
58.Kf2 Rh1 59.Rd6 Nc4 60.Rd3  1/2-1/2

[Event "SVK-chT"]
[Site "?"]
[Date "1995.??.??"]
[Round "?"]
[White "Husek, Zdenek"]
[Black "Saljova, Silvie"]
[Result "1-0"]
[WhiteElo "2270"]
[BlackElo "2235"]

1.d4 Nf6 2.c4 e6 3.Nc3 Bb4 4.Nf3 c5 5.e3 O-O 6.Bd3 b6 7.O-O Bxc3 8.bxc3 Bb7
9.a4 Ne4 10.Qc2 f5 11.a5 Rf6 12.Ne5 Rh6 13.f3 Qh4 14.g3 Nxg3 15.hxg3 Qh1+
16.Kf2 Qh2+ 17.Ke1 d6 18.Qa4 Kf8 19.e4 dxe5 20.Bxh6 Qxh6 21.d5 Qe3+ 22.Be2 fxe4
23.fxe4+ Ke7 24.d6+ Kxd6 25.Rd1+ Ke7 26.Rd3 Qxe4 27.Kd2 Qg2 28.Re3 Nc6 29.Qc2 Nxa5
30.Kc1 e4 31.Rf7+ Ke8 32.Rxg7 Qg1+ 33.Kb2 Qxe3 34.Qd1 Kf8 35.Rxh7 Kg8 36.Rh2 Qg5
37.Rh4 Qe5 38.Rg4+ Kf8 39.Qd7 Nxc4+ 40.Bxc4  1-0

[Event "SWZ-chT"]
[Site "SWZ"]
[Date "1995.??.??"]
[Round "3"]
[White "Benz, Rolf"]
[Black "Almada, Enrique"]
[Result "0-1"]
[WhiteElo "2185"]
[BlackElo "2295"]

1.d4 Nf6 2.c4 e6 3.Nc3 Bb4 4.Nf3 c5 5.e3 Nc6 6.Bd3 cxd4 7.exd4 d5 8.O-O O-O
9.Bg5 dxc4 10.Bxc4 Be7 11.Bf4 b6 12.d5 Na5 13.Bb5 Nxd5 14.Nxd5 Qxd5 15.Qxd5 exd5
16.Rac1 a6 17.Bd3 b5 18.Rc7 Bd8 19.Rc5 Bb7 20.b3 Bb6 21.Rcc1 Rac8 22.Bf5 Rxc1
23.Rxc1 g6 24.Bd7 d4 25.Ne5 Kg7 26.Kf1 f6 27.Nc6 Bxc6 28.Bxc6 g5 29.Bd2 Rb8
30.Be4 Nb7 31.Bxb7 Rxb7 32.Rc6 a5 33.a4 b4 34.Ke2 Kf7 35.Kd3 Bc7 36.Kxd4 Bb6+
37.Kc4 Bxf2 38.Ra6 Bb6 39.Kb5 Bd8+ 40.Kc4 Rc7+ 41.Kd3 Rd7+ 42.Ke2 Rd5 43.Be3 h5
44.g3 Kg6 45.h3 Kf5 46.Rc6 Ke5 47.g4 hxg4 48.hxg4 f5 49.gxf5 Kxf5 50.Rc4 Bf6
51.Bb6 Be5 52.Rc8 Bf4 53.Ra8 Rd2+ 54.Ke1 Rb2 55.Bxa5 Rxb3 56.Bd8 Ke4 57.Bf6 Rd3
58.Rc8 Kf3 59.Rd8 Bg3+ 60.Kf1 Rxd8 61.Bxd8 b3 62.Bf6 Bf2  0-1

[Event "JUG-chT"]
[Site "Tivat"]
[Date "1995.??.??"]
[Round "11"]
[White "Kostic, Branimir"]
[Black "Knezevic, Bojan"]
[Result "1-0"]
[WhiteElo "2330"]
[BlackElo "2340"]

1.d4 Nf6 2.c4 e6 3.Nc3 Bb4 4.Nf3 c5 5.Qc2 O-O 6.Bg5 b6 7.e3 Bb7 8.Bd3 h6
9.Bh4 cxd4 10.exd4 d5 11.a3 Be7 12.Bxf6 Bxf6 13.cxd5 exd5 14.O-O Nc6 15.Rfd1 Rc8
16.Bf5 Rc7 17.Rac1 Re8 18.b4 g6 19.Bh3 Ne7 20.Qd3 a6 21.g3 Nc8 22.Re1 Rxe1+
23.Rxe1 Nd6 24.Ne5 Kg7 25.f4 b5 26.a4 bxa4 27.Nxa4 Rc4 28.Nc5 Rxb4 29.Ne6+ fxe6
30.Qxg6+ Kf8 31.Bxe6 Bc8 32.Qg8+ Ke7 33.Ng6+  1-0

[Event "Toronto op"]
[Site "Toronto"]
[Date "1995.??.??"]
[Round "5"]
[White "Ristovic, Ninad"]
[Black "Spraggett, Kevin"]
[Result "1/2-1/2"]
[WhiteElo "2290"]
[BlackElo "2520"]

1.d4 Nf6 2.c4 e6 3.Nc3 Bb4 4.Nf3 b6 5.Bg5 Bb7 6.e3 h6 7.Bh4 Bxc3+ 8.bxc3 d6
9.Nd2 Nbd7 10.f3 Nf8 11.Bd3 Ng6 12.Bf2 O-O 13.Qc2 Qe8 14.O-O Nh7 15.Bg3  1/2-1/2

[Event "Toronto op"]
[Site "Toronto"]
[Date "1995.??.??"]
[Round "10"]
[White "Hergott, Deen"]
[Black "Spraggett, Kevin"]
[Result "1-0"]
[WhiteElo "2480"]
[BlackElo "2520"]

1.d4 Nf6 2.c4 e6 3.Nc3 Bb4 4.Nf3 b6 5.Bg5 h6 6.Bh4 Bb7 7.e3 Bxc3+ 8.bxc3 d6
9.Nd2 Nbd7 10.f3 Qe7 11.e4 e5 12.Bd3 Qe6 13.Nf1 Nh5 14.Ne3 Nf4 15.Bc2 O-O
16.O-O Ng6 17.Bg3 Nf6 18.Qd2 Nh5 19.Nd5 Rac8 20.a4 Ne7 21.a5 Nxg3 22.hxg3 Nc6
23.a6 Ba8 24.f4 f6 25.Ne3 Ne7 26.d5 Qd7 27.Bd1 Rb8 28.Bg4 Qe8 29.Be6+ Kh8
30.Kf2 exf4 31.gxf4 Qg6 32.f5 Qg5 33.g3 b5 34.Rh1 bxc4 35.Rh2 Rb3 36.Rah1 Rfb8
37.Kf3 c6 38.Rh5 Rb2 39.Qc1 Rb1 40.Qa3 Rxh1 41.Rxg5 cxd5 42.exd5  1-0

[Event "Trelew Clarin-GP"]
[Site "Trelew"]
[Date "1995.??.??"]
[Round "3"]
[White "Amura, Claudia Noemi"]
[Black "Quiroga, Facundo"]
[Result "1-0"]
[WhiteElo "2330"]
[BlackElo "2430"]

1.d4 Nf6 2.c4 e6 3.Nc3 Bb4 4.Nf3 b6 5.Bg5 h6 6.Bh4 Bb7 7.e3 g5 8.Bg3 Bxc3+
9.bxc3 d6 10.Bd3 Ne4 11.Qc2 f5 12.d5 exd5 13.cxd5 Bxd5 14.Nd4 Qf6 15.Nxf5 Nc5
16.O-O Rg8 17.e4 Nxd3 18.Qxd3 Be6 19.f4 Nd7 20.Qe2 Qg6 21.Nxd6+ cxd6 22.f5 Qf7
23.fxe6 Qxe6 24.Rad1 Ne5 25.Bxe5 Qxe5 26.Rf5 Qe6 27.Qa6 Rg7 28.Rdf1 Qxe4
29.Qb5+ Ke7 30.R5f2 Kd8 31.Re2 Qb7 32.Qe8+ Kc7 33.Rf7+ Rxf7 34.Qxf7+  1-0

[Event "SVK-ch"]
[Site "Trencin"]
[Date "1995.??.??"]
[Round "6"]
[White "Kogan, Artur"]
[Black "Debnar, Lubos"]
[Result "0-1"]
[WhiteElo "2495"]
[BlackElo "2250"]

1.d4 Nf6 2.c4 e6 3.Nc3 Bb4 4.Nf3 c5 5.g3 Ne4 6.Bd2 Bxc3 7.bxc3 O-O 8.Bg2 d6
9.O-O Nc6 10.Be3 Qe7 11.Qd3 Nf6 12.Nd2 Bd7 13.Rab1 b6 14.dxc5 dxc5 15.Bg5 h6
16.Bxf6 gxf6 17.g4 Kg7 18.f4 Rad8 19.Ne4 Na5 20.g5 hxg5 21.fxg5 f5 22.Nf6 Rh8
23.Qg3 Nxc4 24.Rbd1 Ba4 25.Rd3 Bc2 26.Qf4 Bxd3 27.exd3 Qd6 28.dxc4 Qxf4 29.Rxf4 Kg6
30.h4 Rd1+ 31.Bf1 e5 32.Rf2 Rxh4 33.Nd5 Rg4+ 34.Kh2 Rxg5 35.Ne7+ Kf6 36.Nd5+ Ke6
37.Bh3 Rd3 38.Re2 Kd6 39.Bg2 Rg6 40.a4 Rg5 41.Rf2 f4 42.Nf6 Ke6 43.Ne4 Rh5+
44.Kg1 f5 45.Nd2 Rxc3 46.Bd5+ Kf6 47.Kf1 Ra3 48.Bc6 Rhh3 49.Ke2 e4 50.Nf1 Rhb3  0-1

[Event "CUB-ch sf"]
[Site "Villa Clara"]
[Date "1995.??.??"]
[Round "1"]
[White "Alonso, Rene"]
[Black "Nunez, A."]
[Result "0-1"]
[WhiteElo "2410"]
[BlackElo "2270"]

1.Nf3 Nf6 2.c4 e6 3.Nc3 Bb4 4.d4 O-O 5.Bg5 c5 6.e3 h6 7.Bh4 g5 8.Bg3 Ne4
9.Rc1 f5 10.Bxb8 Rxb8 11.Bd3 Nxc3 12.bxc3 Ba5 13.O-O Bb6 14.Nd2 d6 15.Nb3 Bd7
16.e4 Ba4 17.d5 f4 18.dxe6 Qf6 19.e5 Qxe6 20.exd6 Rbd8 21.Nxc5 Bxc5 22.Qxa4 f3
23.gxf3 Rxf3 24.Bb1 Qg4+ 25.Kh1 Rh3 26.f4 Qe2  0-1

[Event "LTU-ch"]
[Site "Vilnius"]
[Date "1995.??.??"]
[Round "2"]
[White "Zebelys, Rimantas"]
[Black "Skarulskis, Robertas"]
[Result "1-0"]
[WhiteElo "2205"]
[BlackElo "2060"]

1.d4 Nf6 2.c4 e6 3.Nc3 Bb4 4.Nf3 b6 5.Bg5 Bb7 6.e3 Bxc3+ 7.bxc3 d6 8.Bd3 Nbd7
9.Qe2 h6 10.Bh4 Qe7 11.O-O c5 12.e4 e5 13.d5 g5 14.Bg3 O-O-O 15.a4 a5 16.Rab1 Nh7
17.Nd2 Nhf6 18.Rb2 h5 19.f3 h4 20.Bf2 Nh5 21.Rfb1 Nf4 22.Qf1 Rdg8 23.h3 Kc7
24.Nb3 Ba6 25.Qd1 Rb8 26.Bf1 Rbf8 27.Qc2 Rfg8 28.Na1 Rb8 29.Re1 Rbg8 30.Qd2 Rf8  1-0

[Event "LTU-ch"]
[Site "Vilnius"]
[Date "1995.??.??"]
[Round "4"]
[White "Bilinskas, Rajmundas"]
[Black "Linauskas, Dainius"]
[Result "1/2-1/2"]
[WhiteElo "2245"]
[BlackElo "2320"]

1.d4 Nf6 2.c4 e6 3.Nc3 Bb4 4.Nf3 c5 5.g3 O-O 6.Bg2 d5 7.cxd5 Nxd5 8.Qb3 Nc6
9.O-O cxd4 10.Nxd5 Qxd5 11.Qxd5 exd5 12.a3 Be7 13.Rd1 Bg4 14.Nxd4 Bf6 15.Bf3 Nxd4
16.Bxg4 Nb3 17.Rb1 Nxc1 18.Rdxc1 Rfd8 19.Rc7 Rab8 20.b4 Be5 21.Rc5 b6 22.Rc6 g6
23.Rd1 Rb7 24.b5  1/2-1/2

[Event "Yalta op (Women)"]
[Site "Yalta"]
[Date "1995.??.??"]
[Round "?"]
[White "Gubernatorova, L."]
[Black "Son, Irina"]
[Result "1/2-1/2"]
[WhiteElo "2145"]
[BlackElo "2185"]

1.d4 Nf6 2.c4 e6 3.Nc3 Bb4 4.Nf3 O-O 5.e3 d6 6.Bd2 c5 7.Be2 Nc6 8.a3 Ba5
9.O-O e5 10.d5 Ne7 11.b4 cxb4 12.Nb5 a6 13.axb4 axb5 14.cxb5 Nexd5 15.bxa5 Ne4
16.Bc4  1/2-1/2

[Event "Yalta op"]
[Site "Yalta"]
[Date "1995.??.??"]
[Round "9"]
[White "Moskalenko, Viktor"]
[Black "Shaposhnikov, Evgeny"]
[Result "1/2-1/2"]
[WhiteElo "2525"]
[BlackElo "2215"]

1.d4 Nf6 2.c4 e6 3.Nc3 Bb4 4.Nf3 c5 5.e3 Bxc3+ 6.bxc3 Nc6 7.Be2 d6 8.Qc2 O-O
9.dxc5 dxc5 10.e4 Qc7 11.Bg5 Nd7 12.Rd1 b6 13.Qd2 f6 14.Bf4 e5 15.Bg3 Rd8
16.O-O Nf8 17.Qc2 Be6 18.Rxd8 Rxd8 19.Rd1 Rxd1+ 20.Qxd1 Na5 21.Nd2 Qd7 22.Qc2 Ng6
23.h4 Ne7 24.f4 exf4 25.Bxf4 Ng6 26.Bg3 h6 27.h5 Ne5 28.Bxe5 fxe5 29.Nf3 Qd6
30.Qa4 Bd7 31.Qc2 Be6 32.Nh4 Bxc4 33.Nf5 Qd7 34.Bxc4+ Nxc4 35.Qe2 b5 36.Qg4 Kh7
37.Qg6+ Kh8 38.Kh2 b4  1/2-1/2

[Event "Zagreb-ch"]
[Site "Zagreb"]
[Date "1995.??.??"]
[Round "?"]
[White "Brumen, Dinko"]
[Black "Keglevic, Pavao"]
[Result "1-0"]
[WhiteElo "2325"]
[BlackElo "2330"]

1.d4 Nf6 2.c4 e6 3.Nc3 Bb4 4.Nf3 c5 5.g3 Ne4 6.Qd3 Qa5 7.Qxe4 Bxc3+ 8.Bd2 Bxd2+
9.Nxd2 cxd4 10.Qxd4 O-O 11.Bg2 Nc6 12.Qd6 Qb4 13.Qxb4 Nxb4 14.O-O d5 15.a3 Na6
16.cxd5 exd5 17.Nb3 Be6 18.Nd4 Rfc8 19.Rac1 Nc5 20.Nxe6 fxe6 21.Rc2 Nb3 22.Rxc8+ Rxc8
23.f4 Rc2 24.f5 Kf7 25.fxe6+ Kxe6 26.Bh3+ Kd6 27.Bg4 Nd2 28.Rf7 Rxb2 29.Rxg7 a5
30.a4 Ne4 31.Rxh7 Nf6 32.Rh6 Ke5 33.Bf3 Rb4 34.g4 Nxg4 35.Rh5+ Kf4 36.Rh4 Kg5
37.Rxg4+ Rxg4+ 38.Bxg4 Kxg4 39.Kf2 b5 40.axb5 a4 41.b6 a3 42.b7 a2 43.b8=Q a1=Q
44.Qg8+ Kh4 45.Qxd5 Qf6+ 46.Qf3 Qd4+ 47.Kg2 Qb2 48.Qe4+ Kh5 49.Qh7+ Kg5 50.h4+ Kf4
51.Qh6+ Kf5 52.Qg5+ Ke6 53.Qg4+ Ke7 54.h5 Qc1 55.Qg7+ Kd8 56.Qf6+ Kd7 57.Qd4+ Ke7
58.Qe5+ Kf7 59.Kf2 Qh1 60.Qf4+ Kg7 61.Qg5+ Kh7 62.h6 Qh2+ 63.Ke3 Qh3+ 64.Kd2 Qd7+
65.Ke1 Qb7 66.Qg7+ Qxg7 67.hxg7 Kxg7 68.Kd2 Kf6 69.Kd3 Ke5 70.Ke3  1-0

[Event "Zaragoza op-A"]
[Site "Zaragoza"]
[Date "1995.??.??"]
[Round "8"]
[White "Campos Moreno, Javier B"]
[Black "Damljanovic, Branko"]
[Result "0-1"]
[WhiteElo "2455"]
[BlackElo "2575"]

1.d4 Nf6 2.c4 e6 3.Nc3 Bb4 4.Nf3 d6 5.Bg5 Nbd7 6.e3 b6 7.Bd3 Bb7 8.O-O Bxc3
9.bxc3 h6 10.Bh4 g5 11.Bg3 Rg8 12.Qe2 Qe7 13.e4 e5 14.c5 Kf8 15.cxd6 cxd6
16.Rfe1 Rg6 17.Nd2 h5 18.h4 gxh4 19.Bxh4 Qe6 20.d5 Qg4 21.Qxg4 hxg4 22.Nc4 Nc5
23.Bc2 Ng8 24.Ne3 Bc8 25.a4 Bd7 26.Reb1 Nf6 27.Rb4 Rb8 28.Nf5 a5 29.Rc4 Bxf5
30.exf5 Rh6 31.Bg5 Kg7 32.Bxf6+ Kxf6 33.Rxg4 Rbh8  0-1

[Event "Hallsberg opJ32"]
[Site "Hallsberg"]
[Date "1996.12.30"]
[Round "3"]
[White "Hedman, Erik"]
[Black "Berg, Emanuel"]
[Result "1/2-1/2"]
[WhiteElo "2320"]
[BlackElo "2215"]

1.d4 e6 2.c4 Nf6 3.Nc3 Bb4 4.Nf3 b6 5.Qb3 Bxc3+ 6.Qxc3 h6 7.e3 Bb7 8.Be2 O-O
9.O-O d6 10.b3 Nbd7 11.Bb2 Ne4 12.Qc2 f5 13.d5 e5 14.Ne1 a5 15.a3 c6 16.f3 Nec5
17.dxc6 Bxc6 18.b4 axb4 19.axb4 Rxa1 20.Bxa1 Ne6 21.Qd2 Qe7 22.Nc2 Nf6 23.Rd1 Rd8
24.Qc3 f4 25.Bf1 g5 26.h3 h5 27.exf4 Nxf4 28.c5 N6d5 29.Bc4 bxc5 30.Qb3 Kh8
31.bxc5 Qa7 32.Kh1 Qxc5 33.Bxd5 Bxd5 34.Qc3 Qxc3 35.Bxc3 Rc8 36.Ne3 Bb3 37.Rc1 Kh7
38.Bb2 Rxc1+ 39.Bxc1 d5 40.Ba3 Kg6 41.Kg1 d4 42.Nf1 Bd5 43.Nd2 Kf5 44.Be7 Nd3
45.Kf1 Kf4 46.Ke2 Nc1+ 47.Kf2 Nd3+ 48.Ke2 Nb2 49.Kf2 Nd1+ 50.Ke2 Ne3 51.Kf2 Nf5
52.Bf6 Ne3 53.Bg7 Bc6 54.Bf6 Nd1+ 55.Ke1 Nb2 56.Ke2 Bb5+ 57.Kf2 Nd3+ 58.Kg1 g4
59.hxg4 hxg4 60.fxg4 Kxg4 61.Nf3  1/2-1/2

[Event "Donner mem op"]
[Site "Amsterdam"]
[Date "1996.??.??"]
[Round "7"]
[White "Cruz Lopez Claret, Carlos"]
[Black "Slutzky, Leonid"]
[Result "1/2-1/2"]
[WhiteElo "2295"]
[BlackElo "2375"]

1.d4 Nf6 2.c4 e6 3.Nc3 Bb4 4.Nf3 d5 5.Bg5 h6 6.Bxf6 Qxf6 7.cxd5 exd5 8.Qb3 c5
9.dxc5 Bxc3+ 10.bxc3 Qc6 11.Rd1 Be6 12.Nd4 Qxc5 13.e4 O-O 14.Be2 Nd7 15.O-O Nb6
16.Nxe6 fxe6 17.exd5 exd5 18.Bf3 Rad8 19.Rd4 Kh8 20.h3 Rd6 21.Rfd1 Rdf6 22.Qb4 Qc7
23.a4 a5 24.Qxa5 Ra8 25.Qb5 Qxc3 26.Bxd5 Nxd5 27.Rxd5 Raf8 28.R5d2 Qc7 29.Qb2 Qa5
30.Qxb7 Qxa4 31.f3 Qf4 32.Qe4 Qb8 33.Rd7 Rxf3 34.gxf3 Qg3+ 35.Kh1 Qxh3+ 36.Kg1 Qg3+
37.Kh1  1/2-1/2

[Event "Antwerp op"]
[Site "Antwerp"]
[Date "1996.??.??"]
[Round "4"]
[White "Barsov, Alexei"]
[Black "Lobron, Eric"]
[Result "1/2-1/2"]
[WhiteElo "2475"]
[BlackElo "2585"]

1.d4 Nf6 2.c4 e6 3.Nc3 Bb4 4.Nf3 b6 5.Qb3 a5 6.g3 Bb7 7.Bg2 O-O 8.O-O d6
9.Na4 d5 10.c5 bxc5 11.Nxc5 Bxc5 12.Qxb7 Ra7 13.Qb5 Bd6 14.Ne5 Bxe5 15.dxe5 Nfd7
16.e4 d4 17.b3 c6 18.Qc4 c5 19.Ba3 Na6 20.f4 Nb4 21.Rf2 Qa8 22.Re1 Rb8 23.Bc1 a4
24.Bf1 axb3 25.axb3 Nc6 26.Bd2 Ra2 27.Bh3 Na5 28.Bxa5 Qxa5 29.b4 Ra4 30.Bxe6 Raxb4
31.Bxf7+ Kf8 32.Qd5 d3 33.Qd6+ Kxf7 34.Qxd7+ Kg8 35.Qxd3 Rd4 36.Qf1 c4 37.Rd1 Qc5
38.Rxd4 Qxd4 39.Kg2 c3 40.Qc1 Qxe4+ 41.Kh3 Rb6 42.Qc2 Rh6+ 43.Kg4 Rg6+  1/2-1/2

[Event "AUT-chT2W 9697"]
[Site "Austria"]
[Date "1996.??.??"]
[Round "2"]
[White "Pierecker, Markus"]
[Black "Pilz, Dieter"]
[Result "1-0"]
[WhiteElo "2250"]
[BlackElo "2245"]

1.d4 Nf6 2.Nf3 e6 3.c4 Bb4+ 4.Nc3 c5 5.g3 b6 6.Bg2 Bb7 7.d5 O-O 8.O-O Bxc3
9.bxc3 exd5 10.Nh4 d6 11.cxd5 Re8 12.Re1 Nbd7 13.e4 c4 14.Nf5 Nc5 15.Bf4 Ncxe4
16.Qd4 Bxd5 17.Re3 Qc8 18.Bxe4 Rxe4 19.Qxe4 Bxe4 20.Ne7+ Kh8 21.Nxc8 Rxc8
22.Bxd6 h6 23.Be5 Bg6 24.Bxf6 gxf6 25.Re7 a5 26.Rb7 Rc6 27.Re1 Kg7 28.Ree7 Rd6
29.Rbd7 Rc6 30.Rc7 Rd6 31.Rxc4 Rd1+ 32.Kg2 Ra1 33.a4 Bc2 34.Rb7 Bxa4 35.Rxb6 Bc2
36.Rc5 a4 37.Ra6 Re1 38.Rca5 Rc1 39.c4 Bb3 40.Rxa4 Bxc4 41.R6a5 Bf1+ 42.Kf3 Rc3+
43.Kf4 Rc4+ 44.Rxc4 Bxc4 45.Ke4 Be6 46.Ke3 Bh3 47.Kd4 Be6 48.Kc5 f5 49.f4 Kg6
50.Ra6 h5 51.Kd6 Kf6 52.h4 Bc4 53.Rb6 Be6 54.Rc6 Bb3 55.Kd7+ Be6+ 56.Ke8 Kg7
57.Rxe6  1-0

[Event "AUT-chT2O 9697"]
[Site "Austria"]
[Date "1996.??.??"]
[Round "2"]
[White "Orsag, Milan"]
[Black "Palkovi, Jozsef"]
[Result "1-0"]
[WhiteElo "2410"]
[BlackElo "2480"]

1.d4 Nf6 2.c4 e6 3.Nc3 Bb4 4.Nf3 c5 5.e3 Nc6 6.Bd3 Bxc3+ 7.bxc3 d6 8.O-O e5
9.Qc2 O-O 10.Ng5 h6 11.Ne4 b6 12.f4 exd4 13.exd4 Bb7 14.d5 Na5 15.Nxf6+ Qxf6
16.f5 b5 17.Rb1 a6 18.Kh1 Rfe8 19.Bf4 Re7 20.cxb5 axb5 21.Rxb5 Bxd5 22.c4 Bb7
23.Qb2 Qxb2 24.Rxb2 Be4 25.Be2 Bxf5 26.Bxd6 Rxe2 27.Rxe2 Bd3 28.Rfe1 Bxe2
29.Rxe2 Nb7 30.Bg3 Rd8 31.h3 Rd1+ 32.Kh2 Rc1 33.Rb2 Na5 34.Rb5 Nc6 35.Rxc5 Nd4
36.Be5 Ne6 37.Rc8+ Kh7 38.a4 f6 39.Bd6 f5 40.a5 Rc2 41.Be5 f4 42.Kg1 Kg6
43.a6 Ra2 44.Ra8 Kf5 45.Bd6 Ke4 46.a7 f3 47.gxf3+ Kxf3 48.Be5 Ke4 49.Re8 Kxe5
50.a8=Q Rxa8 51.Rxa8 Kd4 52.Rc8 Nc5 53.Rc6 g5 54.Rxh6 Kxc4 55.Rd6 Ne4 56.Rd8 Nc5
57.Kg2 Ne6 58.Rd7 Nc5 59.Rd6 Ne4 60.Rd1  1-0

[Event "AUT-chT2O 9697"]
[Site "Austria"]
[Date "1996.??.??"]
[Round "7"]
[White "Froeschl, Felix"]
[Black "Rumpl, Erwin"]
[Result "0-1"]
[WhiteElo "2200"]
[BlackElo "2165"]

1.d4 Nf6 2.Nf3 e6 3.c4 Bb4+ 4.Nc3 b6 5.Qb3 Bxc3+ 6.Qxc3 Bb7 7.g3 d6 8.Bg2 O-O
9.O-O c5 10.dxc5 bxc5 11.Rd1 Qe7 12.Bg5 Rd8 13.a3 Nbd7 14.b4 h6 15.Bf4 e5
16.Be3 Ng4 17.Bc1 Rab8 18.b5 e4 19.Nh4 Qe5 20.Bb2 Qxc3 21.Bxc3 Nb6 22.Nf5 Nxc4
23.Nxg7 d5 24.Nf5 d4 25.Be1 Kf8 26.Rdc1 Nge5 27.a4 d3 28.exd3 exd3 29.Bc3 d2
30.Rd1 Nf3+ 31.Kh1 Rd3 32.Bf6 Re8 33.Nh4 Re6  0-1

[Event "AUT-chT9596"]
[Site "?"]
[Date "1996.??.??"]
[Round "?"]
[White "Pierecker, Markus"]
[Black "Zebedin, Wolfgang"]
[Result "1-0"]
[WhiteElo "2250"]
[BlackElo "2115"]

1.d4 Nf6 2.Nf3 e6 3.c4 Bb4+ 4.Nc3 b6 5.g3 Bb7 6.Bg2 O-O 7.O-O Bxc3 8.bxc3 c5
9.d5 Re8 10.Re1 exd5 11.Nh4 Ne4 12.cxd5 Qf6 13.Bxe4 Rxe4 14.Qd3 Re8 15.Bd2 d6
16.c4 g6 17.Bc3 Qe7 18.e4 Nd7 19.f4 f6 20.Re3 Rf8 21.Rae1 Rae8 22.Nf3 Qf7
23.Bb2 h6 24.h4 Re7 25.R1e2 a6 26.a4 Rfe8 27.g4 Rf8 28.Qc3 b5 29.axb5 axb5
30.cxb5 Rfe8 31.g5 Rf8 32.Rg2 Kh7 33.h5 fxg5 34.Nxg5+ hxg5 35.hxg6+ Qxg6
36.Rxg5  1-0

[Event "Regionalliga NO9697"]
[Site "Bayern"]
[Date "1996.??.??"]
[Round "?"]
[White "Hepting, Heinrich"]
[Black "Susanu, Marius"]
[Result "0-1"]
[WhiteElo "2120"]
[BlackElo "2015"]

1.d4 Nf6 2.c4 e6 3.Nc3 Bb4 4.Nf3 c5 5.e3 O-O 6.Bd3 d5 7.O-O Nc6 8.cxd5 exd5
9.Ne2 Bg4 10.a3 c4 11.Bc2 Bd6 12.Nd2 Re8 13.f3 Bh5 14.Re1 Rxe3 15.Ne4 dxe4
16.Bxe3 exf3 17.gxf3 Bxf3 18.Rf1 Bxh2+ 19.Kf2 Qd5 20.Qd2 Ng4+ 21.Ke1 Re8
22.Rf2 Rxe3 23.Rxh2 Bxe2 24.Bd1 Bd3+ 25.Be2 Bxe2 26.Qxe3 Nxe3 27.Rxe2 g6  0-1

[Event "Bled op-B"]
[Site "Bled"]
[Date "1996.??.??"]
[Round "3"]
[White "Hasanov, Marat"]
[Black "Kovacic, Peter"]
[Result "1/2-1/2"]
[WhiteElo "2270"]
[BlackElo "2140"]

1.d4 Nf6 2.c4 e6 3.Nc3 Bb4 4.Nf3 c5 5.d5 d6 6.Bg5 h6 7.Bh4 O-O 8.e3 exd5
9.cxd5 Bg4 10.Be2 Nbd7 11.O-O Qa5 12.Nb5 c4 13.a4 a6 14.Na3 Bxa3 15.Rxa3 Rac8
16.Nd4 Bxe2 17.Nxe2 Rfe8 18.Nc3 Rc5 19.Qd4 Nxd5 20.Ne4 Rc6 21.Rd1 N7b6 22.Bg3 Nc8
23.f3 Nb4 24.Qd2 Qb6 25.a5 Qb5 26.Nc3 Qf5 27.e4 Qe6 28.Nd5 Nd3 29.Rc3 b5
30.axb6 Nxb6 31.b3 Nxd5 32.exd5 Qxd5 33.bxc4 Qc5+ 34.Kh1 Ne5 35.Re1 Rec8
36.Bxe5 dxe5 37.Qe3 Qb4 38.Qxe5 Rxc4 39.Rxc4 Qxc4 40.h3 Qc6 41.Ra1 Re8 42.Qa5 Re6
43.Qd8+ Kh7 44.Qd3+ g6 45.Qd2 Qb5 46.Qf4 Qd7 47.Rc1 Rd6 48.Kh2 Rd4 49.Qg3 Qd6
50.Rc7 Qxg3+ 51.Kxg3 Kg7 52.Ra7 Ra4 53.f4 Ra2 54.Kf3 a5 55.g4 a4 56.h4 a3
57.g5 h5 58.Kg3 Ra1 59.Kg2 a2 60.Ra8 f5 61.gxf6+ Kxf6 62.Ra6+ Kf5 63.Ra5+ Ke4
64.Ra4+ Ke3 65.Ra3+ Kd4 66.Ra8 Kc3 67.Rc8+ Kd3 68.Rd8+ Ke3 69.Re8+ Kxf4 70.Ra8 Re1
71.Rxa2 Re4 72.Ra6 Kf5 73.Kg3 Re3+ 74.Kg2 Re4 75.Ra5+ Kf4 76.Ra6  1/2-1/2